000 00478nam a2200181Ia 4500
005 20250508153924.0
008 008 250505s9999 xx 000 0 eng d
037 _aBooks to be hide in OPAC
040 _aFEDL
_beng
_cFEDL
041 _aeng
_2eng
084 _a375.4, POW/O
_qFEDL
100 _aPowell-Price J C
_9100352
245 0 _aArt and crafts in England
260 _c1939
300 _a24p.
942 _cHB
_h375.4, POW/O
999 _c1346390
_d1346390